000
00209 a2200097 4500
001
52704
100
_a
Mullish H
245
_a
Structured Cobol
260
_a
New York
_b
Harper & Row
_c
090
_c
33148
_d
33148
942
_a
NUST-CAE
_c
M
_c
25723
999
_c
287777
_d
287777